Štíhly podnik v slovenských podmienkach - predpoklady, výhody, riziká a skúsenosti
Stručný prehľad hlavných krokov zavádzania štíhleho podniku. Vytvorenie čistého, bezpečného a usporiadaného pracoviska. Vytváranie výrobkov výlučne podľa požiadaviek zákazníka. Systém plánovania - Kanban. Vytváranie kvality výrobku a vo výrobnom procese. Uplatňovanie vizuálneho riadenia. Trvalé pres...
Salvato in:
| Autore principale: | |
|---|---|
| Altri autori: | |
| Natura: | Capitolo di libro |
| Lingua: | slovacco |
| Soggetti: | |
| Tags: |
Nessun Tag, puoi essere il primo ad aggiungerne!!
|
MARC
| LEADER | 00000naa$a2200000$$$4500 | ||
|---|---|---|---|
| 001 | 0002148 | ||
| 005 | 20231002121839.4 | ||
| 041 | 0 | |a slo | |
| 044 | |a SK | ||
| 245 | 1 | 0 | |a Štíhly podnik v slovenských podmienkach - predpoklady, výhody, riziká a skúsenosti |c aut. Jiří Hering, Alica Panáková |
| 520 | |a Stručný prehľad hlavných krokov zavádzania štíhleho podniku. Vytvorenie čistého, bezpečného a usporiadaného pracoviska. Vytváranie výrobkov výlučne podľa požiadaviek zákazníka. Systém plánovania - Kanban. Vytváranie kvality výrobku a vo výrobnom procese. Uplatňovanie vizuálneho riadenia. Trvalé presadzovanie dokonalosti, trvalá snaha o dokonalosť. | ||
| 610 | 2 | 0 | |a výroba štíhla |
| 610 | 2 | 0 | |a proces výrobný |
| 610 | 2 | 0 | |a tok výroby |
| 610 | 2 | 0 | |a kanban |
| 610 | 2 | 0 | |a Slovensko |
| 100 | 1 | |a Hering, Jiří | |
| 700 | 1 | |a Panáková, Alica | |